00294pab a2200121 454500008004000000100001800040245004500058260000900103300001000112362001500122650002200137773001300159180718b1983 xxu||||| |||| 00| 0 eng d aThimmaiahm, G aFiscal federalism and municipal finances c1983 a22-34 aJuly-Sept. aMunicipal Finance aNagarlok